Спектрофотометрическое определение бромида свинца и двубромистого диметилсвинца с 4-(2-пиридилазо) резорцином; Известия Томского политехнического университета [Известия ТПУ]; Т. 321, № 3 : Химия
| Parent link: | Известия Томского политехнического университета [Известия ТПУ]/ Томский политехнический университет (ТПУ).— , 2000- Т. 321, № 3 : Химия.— 2012.— [С. 93-96] |
|---|---|
| Outros Autores: | , , , , , |
| Resumo: | Заглавие с титульного листа Электронная версия печатной публикации Описана методика спектрофотометрического определения бромида свинца (II) и двубромистого диметилсвинца (II) с 4-(2-пиридилазо) резорцином. Получены спектры светопоглощения бромида свинца и двубромистого диметилсвинца с 4-(2-пиридилазо) резорцином, рассчитаны значения молярного коэффициента светопоглощения для комплексов бромида свинца и двубромистого диметилсвинца с 4-(2-пиридилазо) резорцином. |
| Idioma: | russo |
| Publicado em: |
2012
|
| coleção: | Химия |
| Assuntos: | |
| Acesso em linha: | http://earchive.tpu.ru/bitstream/11683/4411/1/bulletin_tpu-2012-321-3-19.pdf |
| Formato: | Recurso Eletrônico Capítulo de Livro |
| KOHA link: | https://koha.lib.tpu.ru/cgi-bin/koha/opac-detail.pl?biblionumber=227925 |
MARC
| LEADER | 00000nla2a2200000 4500 | ||
|---|---|---|---|
| 001 | 227925 | ||
| 005 | 20240111155451.0 | ||
| 035 | |a (RuTPU)RU\TPU\book\248372 | ||
| 035 | |a RU\TPU\book\248371 | ||
| 090 | |a 227925 | ||
| 100 | |a 20121212d2012 k y0rusy50 ca | ||
| 101 | 0 | |a rus | |
| 102 | |a RU | ||
| 135 | |a drnn ---uucaa | ||
| 181 | 0 | |a i | |
| 182 | 0 | |a b | |
| 200 | 1 | |a Спектрофотометрическое определение бромида свинца и двубромистого диметилсвинца с 4-(2-пиридилазо) резорцином |f И. И. Жерин [и др.] | |
| 203 | |a Текст |c электронный | ||
| 215 | |a 1 файл (357 Кб) | ||
| 225 | 1 | |a Химия | |
| 300 | |a Заглавие с титульного листа | ||
| 300 | |a Электронная версия печатной публикации | ||
| 320 | |a [Библиогр.: с. 96 (8 назв.)] | ||
| 330 | |a Описана методика спектрофотометрического определения бромида свинца (II) и двубромистого диметилсвинца (II) с 4-(2-пиридилазо) резорцином. Получены спектры светопоглощения бромида свинца и двубромистого диметилсвинца с 4-(2-пиридилазо) резорцином, рассчитаны значения молярного коэффициента светопоглощения для комплексов бромида свинца и двубромистого диметилсвинца с 4-(2-пиридилазо) резорцином. | ||
| 337 | |a Adobe Reader | ||
| 461 | 1 | |0 (RuTPU)RU\TPU\book\176237 |t Известия Томского политехнического университета [Известия ТПУ] |f Томский политехнический университет (ТПУ) |d 2000- | |
| 463 | 1 | |0 (RuTPU)RU\TPU\book\247844 |x 1684-8519 |t Т. 321, № 3 : Химия |v [С. 93-96] |d 2012 |p 210 с. | |
| 610 | 1 | |a тетраметилсвинец | |
| 610 | 1 | |a бромирование | |
| 610 | 1 | |a бромид свинца | |
| 610 | 1 | |a двубромистый диметилсвинец | |
| 610 | 1 | |a резорцин | |
| 610 | 1 | |a бензолы | |
| 610 | 1 | |a спектрофотометрическое определение | |
| 610 | 1 | |a труды учёных ТПУ | |
| 610 | 1 | |a электронный ресурс | |
| 701 | 1 | |a Жерин |b И. И. |c российский химик |c профессор Томского политехнического университета, доктор химических наук |f 1955- |g Иван Игнатьевич |3 (RuTPU)RU\TPU\pers\25854 |9 11723 | |
| 701 | 1 | |a Андриенко |b О. С. |g Олег Семенович | |
| 701 | 1 | |a Егоров |b Н. Б. |c химик-технолог |c доцент Томского политехнического университета, кандидат химических наук |f 1974- |g Николай Борисович |3 (RuTPU)RU\TPU\pers\27912 |9 12915 | |
| 701 | 1 | |a Индык |b Д. В. |c химик-технолог |c аспирант Томского политехнического университета |f 1984- |g Денис Викторович |3 (RuTPU)RU\TPU\pers\30183 | |
| 701 | 1 | |a Амелина |b Г. Н. |c химик-технолог |c доцент Томского политехнического университета, кандидат химических наук |f 1963- |g Галина Николаевна |3 (RuTPU)RU\TPU\pers\27824 |9 12862 | |
| 701 | 1 | |a Акимов |b Д. В. |c химик-технолог |c инженер Томского политехнического университета, аспирант |f 1988- |g Дмитрий Васильевич |3 (RuTPU)RU\TPU\pers\30181 | |
| 801 | 1 | |a RU |b 63413507 |c 20090623 |g PSBO | |
| 801 | 2 | |a RU |b 63413507 |c 20220114 |g PSBO | |
| 856 | 4 | |u http://earchive.tpu.ru/bitstream/11683/4411/1/bulletin_tpu-2012-321-3-19.pdf | |
| 942 | |c CF | ||